Facts About The Solar System - Statistics

General Stats
  • This quiz has been taken 40 times
  • The average score is 8 of 11
Answer Stats
Hint Answer % Correct
Only planet we know to have life? Earth
100%
Largest planet in the solar system? Jupiter
100%
Is classified as a dwarf planet since 2006? Pluto
100%
Has the largest volcano in the solar system? Mars
97%
Is closest to the Sun? Mercury
97%
Is named after an element? Mercury
97%
Has the Highest surface temp? Venus
97%
The dwarf planet above's largest moon. Charon
38%
Half of the suns mass is in the... core
35%
Is named after an element? Uranium
18%
Is named after an element? Neptunium
12%
No matching quizzes found
Score Distribution
Percent of People with Each Score
Percentile by Number Answered
Your Score History
You have not taken this quiz